Polski serial TVP z imieniem w tytule - Statystyki

Ogólne statystyki
  • Ten quiz został rozwiązany 16 razy
  • Średni wynik to 2 z 6
Statystyki odpowiedzi
Hint Odpowiedź % Poprawnych
1. Ojciec Mateusz
86%
2. Komisarz Alex
64%
5. Jan Serce
29%
3. Przygody Pana Michała
14%
6. Kariera Nikodema Dyzmy
7%
4. Matylda
0%
Nie znaleziono quizów pasujących do podanych kryteriów
Rozkład punktacji
Procent ludzi z każdym wynikiem
Percentyl według liczby udzielonych odpowiedzi
Twoja historia wyników
Nie rozwiązałeś tego quizu